000 00425nam a2200157 i 4500
001 51069
003 ES-MaACL
005 20230906162306.0
007 t|
008 030808s1973 sp ||||1| spa d
100 1 _aCussianovich, Alejandro.
_942273
245 1 0 _aNos ha liberado /
_cAlejandro Cussianovich.
260 _aSalamanca :
_bSígueme,
_c1973.
300 _a179 p. ;
_c18 cm.
852 _aES-MaACL
_jC-55376
_bR.88006
999 _c51069
_d51069